[Event "Titled Tuesday intern op 17th Sep Early"]
[Site "Chess,com INT"]
[Date "2024.09.17"]
[Round "4"]
[White "Rakhmanov, Alexander"]
[Black "Oparin, Grigoriy"]
[Result "1-0"]
[WhiteElo "2596"]
[BlackElo "2662"]
[PlyCount "87"]
[EventDate "2024.09.17"]
[EventType "swiss (blitz)"]
[EventRounds "11"]
[EventCountry "USA"]
[SourceTitle "EXT 2025"]
[Source "ChessBase"]
[SourceDate "2024.10.14"]
[SourceVersion "1"]
[SourceVersionDate "2024.10.14"]
[SourceQuality "1"]

1. d4 d5 2. c4 e6 3. Nc3 Be7 4. Bf4 Nf6 5. e3 0-0 6. a3 b6 7. Nb5 Ne8 8. Nf3 Bb7 9. cxd5 exd5 10. Bd3 a6 11. Nc3 Nd7 12. 0-0 c5 13. Ne5 Nxe5 14. Bxe5 c4 15. Bc2 b5 16. Qg4 g6 17. f4 f5 18. Qg3 Nf6 19. Bxf5 Bc8 20. Bxg6 Ra7 21. Be4+ Kf7 22. Bxf6 Bxf6 23. Bxd5+ Ke7 24. Qf3 Qd6 25. Rad1 Kd8 26. e4 Bg7 27. e5 Qh6 28. a4 b4 29. Ne4 Qg6 30. Nc5 Bg4 31. Qe3 Bxd1 32. Rxd1 Re7 33. Bxc4 Bh6 34. Rf1 Qf5 35. Qf3 Ke8 36. Qc6+ Kd8 37. Qd6+ Rd7 38. Nxd7 Qxd7 39. Qxh6 Qxd4+ 40. Kh1 Ke7 41. Qd6+ Qxd6 42. exd6+ Kxd6 43. Bxa6 Kc5 44. b3 1-0

[Event "Titled Tuesday intern op 17th Sep Early"]
[Site "Chess,com INT"]
[Date "2024.09.17"]
[Round "1"]
[White "Rakhmanov, Alexander"]
[Black "Pein, Jonathan"]
[Result "1-0"]
[WhiteElo "2596"]
[BlackElo "2249"]
[PlyCount "73"]
[EventDate "2024.09.17"]
[EventType "swiss (blitz)"]
[EventRounds "11"]
[EventCountry "USA"]
[SourceTitle "EXT 2025"]
[Source "ChessBase"]
[SourceDate "2024.10.14"]
[SourceVersion "1"]
[SourceVersionDate "2024.10.14"]
[SourceQuality "1"]

1. c4 g6 2. Nc3 Bg7 3. g3 Nf6 4. Bg2 0-0 5. d3 c6 6. e4 d5 7. cxd5 cxd5 8. e5 Nfd7 9. d4 Nb6 10. Nge2 Nc6 11. h3 Kh8 12. 0-0 f6 13. f4 fxe5 14. fxe5 Rxf1+ 15. Qxf1 Bf5 16. b3 Qd7 17. Kh2 Rf8 18. Qd1 Nb4 19. Bf4 Nd3 20. Be3 Nb4 21. Bg1 Bh6 22. Nf4 e6 23. Qd2 Nd3 24. Be3 Nxf4 25. Bxf4 Bxf4 26. Qxf4 Qc8 27. Qd2 Nd7 28. Rc1 Qd8 29. Rf1 Kg7 30. Rf2 Be4 31. Bxe4 dxe4 32. Nxe4 Rxf2+ 33. Qxf2 Qa5 34. Ng5 Nxe5 35. Nxe6+ Kh6 36. Qf4+ g5 37. Qxg5# 1-0

[Event "Titled Tuesday intern op 10th Sep Early"]
[Site "Chess,com INT"]
[Date "2024.09.10"]
[Round "4"]
[White "Rakhmanov, Alexander"]
[Black "Suyarov, Mukhammadzokhid"]
[Result "1/2-1/2"]
[WhiteElo "2596"]
[BlackElo "2467"]
[PlyCount "153"]
[EventDate "2024.09.10"]
[EventType "swiss (blitz)"]
[EventRounds "11"]
[EventCountry "USA"]
[SourceTitle "EXT 2025"]
[Source "ChessBase"]
[SourceDate "2024.10.14"]
[SourceVersion "1"]
[SourceVersionDate "2024.10.14"]
[SourceQuality "1"]

1. c4 e6 2. Nc3 d5 3. d4 c6 4. e3 Nf6 5. Nf3 Nbd7 6. Be2 Bd6 7. 0-0 0-0 8. b3 b6 9. Bb2 Bb7 10. Bd3 Qe7 11. Re1 dxc4 12. bxc4 c5 13. d5 exd5 14. Nxd5 Nxd5 15. cxd5 a6 16. a4 Rac8 17. Rc1 Rfd8 18. e4 Ne5 19. Bxe5 Bxe5 20. Qe2 Ra8 21. Nxe5 Qxe5 22. Rb1 Qd6 23. Bc4 f6 24. Qb2 b5 25. axb5 axb5 26. Bxb5 Rdb8 27. Qc3 Ba6 28. Bc6 Rxb1 29. Rxb1 Rb8 30. Ra1 h5 31. h4 Be2 32. Re1 Ba6 33. g3 Bc8 34. e5 fxe5 35. Rxe5 Bg4 36. Re1 Rf8 37. Qe5 Qxe5 38. Rxe5 Bf3 39. Re3 c4 40. Rc3 Rf5 41. Bd7 Rf6 42. Be6+ Kh7 43. Rxc4 Kg6 44. Rc1 Rf8 45. Re1 Kf6 46. d6 Rd8 47. d7 Bc6 48. Bh3 Bxd7 49. Rd1 Ke7 50. Bxd7 Rxd7 51. Rxd7+ Kxd7 52. Kg2 Ke6 53. Kf3 Kf5 54. Ke3 Ke5 55. f3 Kf5 56. Kd4 Kf6 57. Ke4 Ke6 58. Kf4 Kf6 59. Ke3 Ke5 60. Kd3 Kd5 61. Kc3 Kc5 62. Kd2 Kd4 63. Ke2 Ke5 64. Ke3 Kf5 65. Kd4 Kf6 66. Kd5 Kf5 67. Kd6 Kf6 68. Kd7 Kf7 69. Kd8 Kf8 70. Kd7 Kf7 71. Kd6 Kf6 72. Kd5 Kf5 73. Kc4 Ke6 74. Kd3 Kd5 75. Ke2 Ke6 76. Kf2 Ke5 77. Ke3 1/2-1/2

[Event "Karaganda Akim Cup"]
[Site "Karaganda"]
[Date "2024.09.03"]
[Round "8"]
[White "Sivuk, Vitaly"]
[Black "Rakhmanov, Alexander"]
[Result "1/2-1/2"]
[WhiteElo "2572"]
[BlackElo "2596"]
[PlyCount "100"]
[EventDate "2024.08.27"]
[EventType "tourn"]
[EventRounds "9"]
[EventCountry "KAZ"]
[EventCategory "11"]
[SourceTitle "EXT 2025"]
[Source "ChessBase"]
[SourceDate "2024.10.14"]
[SourceVersion "1"]
[SourceVersionDate "2024.10.14"]
[SourceQuality "1"]

1. d4 Nf6 2. c4 e6 3. Nc3 d5 4. cxd5 exd5 5. Bg5 c6 6. e3 Bf5 7. Qf3 Bg6 8. Bxf6 Qxf6 9. Qxf6 gxf6 10. Nf3 Nd7 11. Nh4 Be7 12. Ne2 f5 13. g3 Bxh4 14. gxh4 Nf6 15. Rg1 Ke7 16. Nf4 Nh5 17. Be2 Nxf4 18. exf4 h6 19. Kd2 Kf6 20. a4 Rhe8 21. h5 Bh7 22. Bd3 Rac8 23. Rac1 Rc7 24. Rc3 Ree7 25. b4 a6 26. Rgc1 Re6 27. b5 axb5 28. axb5 Rc8 29. h3 Ra8 30. bxc6 bxc6 31. Rxc6 Ra4 32. Rc8 Rxd4 33. Rg1 Rxf4 34. Rg2 Ra4 35. Rh8 Ra2+ 36. Kc3 d4+ 37. Kb3 Rd2 38. Kc4 Re3 39. fxe3 Rxg2 40. Rxh7 dxe3 41. Rxh6+ Kg5 42. Rh8 Rh2 43. h6 Rxh3 44. h7 Rh4+ 45. Kc3 Kf4 46. Be2 Rh6 47. Kd4 Rd6+ 48. Kc5 Rh6 49. Kd4 Rd6+ 50. Kc5 Rh6 1/2-1/2

[Event "Karaganda Akim Cup"]
[Site "Karaganda"]
[Date "2024.08.31"]
[Round "5"]
[White "Rakhmanov, Alexander"]
[Black "Makhnev, Denis"]
[Result "1/2-1/2"]
[WhiteElo "2596"]
[BlackElo "2551"]
[PlyCount "81"]
[EventDate "2024.08.27"]
[EventType "tourn"]
[EventRounds "9"]
[EventCountry "KAZ"]
[EventCategory "11"]
[SourceTitle "EXT 2025"]
[Source "ChessBase"]
[SourceDate "2024.10.14"]
[SourceVersion "1"]
[SourceVersionDate "2024.10.14"]
[SourceQuality "1"]

1. d4 d5 2. c4 e6 3. Nc3 c6 4. e3 Nf6 5. Nf3 Nbd7 6. Be2 dxc4 7. a4 Bd6 8. Nd2 e5 9. Nxc4 Bc7 10. b3 exd4 11. Qxd4 Nb6 12. Qxd8+ Kxd8 13. Ba3 Nxc4 14. Bxc4 Ke8 15. Ke2 a5 16. h3 h5 17. Rhd1 Bf5 18. Rac1 Be5 19. Nb5 Nd7 20. f4 Bb8 21. Rd2 Rh6 22. Nd4 Be4 23. Rcd1 Rg6 24. Kf1 Nb6 25. Nxc6 Bc7 26. Ne7 Nxc4 27. bxc4 Rg3 28. Nd5 Bd8 29. Bc5 Rc8 30. Nb6 Bxb6 31. Bxb6 Rxc4 32. Bxa5 f6 33. Re2 Rxa4 34. Be1 Rg6 35. Red2 Bc6 36. g3 Ra8 37. Rd6 Rh6 38. R1d4 Kf7 39. Rd8 Rh8 40. Rxa8 Rxa8 41. g4 1/2-1/2

[Event "Titled Tuesday intern op 06th Aug Early"]
[Site "Chess.com INT"]
[Date "2024.08.06"]
[Round "1"]
[White "Md, Bashiq Imrose"]
[Black "Rakhmanov, Alexander"]
[Result "1-0"]
[WhiteElo "2065"]
[BlackElo "2596"]
[PlyCount "139"]
[EventDate "2024.08.06"]
[EventType "swiss (blitz)"]
[EventRounds "11"]
[EventCountry "USA"]
[SourceTitle "EXT 2025"]
[Source "ChessBase"]
[SourceDate "2024.10.14"]
[SourceVersion "1"]
[SourceVersionDate "2024.10.14"]
[SourceQuality "1"]

1. Nf3 d5 2. b3 c6 3. Bb2 Bg4 4. g3 Bxf3 5. exf3 Nd7 6. Bg2 Ngf6 7. 0-0 g6 8. f4 Bg7 9. d3 0-0 10. Nd2 a5 11. a4 Re8 12. Nf3 e6 13. Re1 Qb6 14. Ne5 Qc7 15. Nxd7 Nxd7 16. Bxg7 Kxg7 17. Qd2 Qd8 18. Qc3+ Qf6 19. Qxf6+ Kxf6 20. Re2 Ke7 21. Rae1 Kd6 22. h4 h5 23. Bh3 Nf6 24. Kg2 b5 25. Ra1 Nd7 26. Kg1 Nc5 27. d4 Ne4 28. Bg2 Nc3 29. Re3 b4 30. Rae1 c5 31. dxc5+ Kxc5 32. Bh3 Rg8 33. Re5 Ra6 34. f3 Rc6 35. Bf1 Kb6 36. Bd3 Rgc8 37. Kf2 Na2 38. g4 Rh8 39. gxh5 Rxh5 40. Rxh5 gxh5 41. Re5 f5 42. Ke2 Nc1+ 43. Kd2 Nxd3 44. Kxd3 Kc7 45. Re2 Kd6 46. Kd4 Rc3 47. Rf2 Ke7 48. Ke5 Re3+ 49. Kd4 Re1 50. Kc5 Rh1 51. Kb5 Kd6 52. Kxa5 Kc5 53. Re2 Rxh4 54. Rxe6 Rxf4 55. Re8 Rxf3 56. Rc8+ Kd6 57. Kb6 Rf1 58. a5 Ra1 59. a6 Ke5 60. a7 f4 61. a8Q Rxa8 62. Rxa8 f3 63. Rf8 Ke4 64. Kc5 h4 65. Re8+ Kf4 66. Kd4 h3 67. Rf8+ Kg4 68. Ke3 h2 69. Rg8+ Kh3 70. Kf2 1-0

[Event "Titled Tuesday intern op 06th Aug Early"]
[Site "Chess.com INT"]
[Date "2024.08.06"]
[Round "6"]
[White "Rakhmanov, Alexander"]
[Black "Melaa, Sondre Lillestol"]
[Result "1/2-1/2"]
[WhiteElo "2596"]
[BlackElo "2315"]
[PlyCount "195"]
[EventDate "2024.08.06"]
[EventType "swiss (blitz)"]
[EventRounds "11"]
[EventCountry "USA"]
[SourceTitle "EXT 2025"]
[Source "ChessBase"]
[SourceDate "2024.10.14"]
[SourceVersion "1"]
[SourceVersionDate "2024.10.14"]
[SourceQuality "1"]

1. c4 g6 2. Nc3 Bg7 3. g3 c5 4. Bg2 Nc6 5. b3 Nf6 6. e3 0-0 7. Nge2 d5 8. cxd5 Nb4 9. 0-0 Nbxd5 10. Ba3 b6 11. d4 cxd4 12. Nxd5 Nxd5 13. Nxd4 Bb7 14. Rc1 Rc8 15. Qg4 Re8 16. Rfd1 Nf6 17. Rxc8 Bxc8 18. Qe2 Qc7 19. Rc1 Qe5 20. Nc6 Qe6 21. Nxe7+ Kh8 22. Nxc8 Rxc8 23. Rxc8+ Qxc8 24. Qd2 h5 25. h3 Kh7 26. Bb4 Qc7 27. Bd6 Qd7 28. Bb4 Qc7 29. Bf3 Nd7 30. Kg2 Ne5 31. Bd5 Qd7 32. e4 Nc6 33. Ba3 Ne5 34. Qf4 Qc7 35. Bb2 Kg8 36. Bxe5 Qxe5 37. Qxf7+ Kh7 38. Qg8+ Kh6 39. h4 Qb2 40. a4 Bd4 41. Qf7 Bg7 42. Qf3 Qd4 43. Qf4+ Kh7 44. Qf7 Qd3 45. Qg8+ Kh6 46. Qf7 Qd4 47. Kh2 Qd2 48. Qf3 Qd4 49. Kg1 Kh7 50. Qe2 Qe5 51. Bc4 Qa1+ 52. Kg2 Qe5 53. Qe3 Qb2 54. Kh3 Bd4 55. Qf4 Qxf2 56. Qc7+ Kh6 57. Qd8 Qg1 58. Qf8+ Bg7 59. Qf3 Qe3 60. Qf1 Qxe4 61. Bg8 Qf5+ 62. Qxf5 gxf5 63. Kg2 Kg6 64. Kf3 Kf6 65. Bc4 Ke5 66. Bf7 Bf6 67. Bxh5 Kd4 68. Bf7 Ke5 69. Bg6 Be7 70. Bf7 Bf6 71. Bc4 Be7 72. h5 Bg5 73. Bf7 Bh6 74. Bg6 Bg5 75. Bf7 Bh6 76. Bc4 Bg5 77. Bd3 Bh6 78. Ke2 Bg5 79. Kd1 f4 80. g4 Kd4 81. Bc4 Ke3 82. Ke1 Bh6 83. Kf1 Bg5 84. Bd5 Bh6 85. Be6 Bg5 86. Bf5 Bh6 87. Be6 Bg5 88. Bd5 Bh6 89. Kg2 Bg5 90. Kh3 a5 91. Bc6 Kf2 92. Bd5 Ke3 93. Kg2 Bh6 94. Bc6 Bg5 95. Kh3 Kf2 96. Bd5 Kg1 97. Be4 Kf2 98. Bd5 1/2-1/2

[Event "Titled Tuesday intern op 30th Jul Early"]
[Site "Chess.com INT"]
[Date "2024.07.30"]
[Round "2"]
[White "Rakhmanov, Alexander"]
[Black "Olenik Campa, Rudi"]
[Result "0-1"]
[WhiteElo "2596"]
[BlackElo "2320"]
[PlyCount "68"]
[EventDate "2024.07.30"]
[EventType "swiss (blitz)"]
[EventRounds "11"]
[EventCountry "USA"]
[SourceTitle "EXT 2025"]
[Source "ChessBase"]
[SourceDate "2024.10.14"]
[SourceVersion "1"]
[SourceVersionDate "2024.10.14"]
[SourceQuality "1"]

1. c4 g6 2. Nc3 Bg7 3. g3 e5 4. Bg2 Ne7 5. d3 0-0 6. e4 c6 7. Nge2 d6 8. 0-0 Be6 9. h3 f5 10. f4 Nd7 11. b3 Bf7 12. Ba3 c5 13. Nd5 Nc6 14. Kh2 exf4 15. gxf4 Qh4 16. Qd2 fxe4 17. dxe4 Nd4 18. Rae1 Bxd5 19. cxd5 Nxe2 20. Rxe2 Rxf4 21. Rxf4 Be5 22. Ref2 Rf8 23. Bc1 g5 24. Qe2 Bxf4+ 25. Bxf4 Rxf4 26. Rxf4 Qxf4+ 27. Kh1 Nf6 28. Qb5 b6 29. Qc6 Kg7 30. Qc7+ Kg6 31. Qe7 b5 32. Kg1 a5 33. e5 Qe3+ 34. Kf1 Qxe5 0-1